00172nam a2200085Ia 4500008004100000041000800041100001700049245001100066260000900077230724s1999 xx und d aeng aPANDEY B. N. aNEHRU. c1999